000 00496nam a2200193Ia 4500
005 20260429111941.0
008 260429s9999||||xx |||||||||||||| ||und||
020 _a9788197000683
041 _aEnglish
082 _a537
_bDIO
100 _aDiop, Nuru
245 0 _aChallenges in electricity and magnetism /
_cNuru Diop
260 _aNew Delhi :
_bAsia Publishers,
_c2024.
300 _ax, 240 p.; hb
650 _a Electricity
650 _a Magnetism
650 _aPhysics
942 _cTB
999 _c51580
_d51580